[Event "Novosibirsk AS-90 Seniors op"]
[Site "Novosibirsk"]
[Date "2010.11.30"]
[Round "8.3"]
[White "Morozov, Vladimir B"]
[Black "Vanin, Vladimir Livovich"]
[Result "1/2-1/2"]
[WhiteElo "1988"]
[BlackElo "2078"]
[PlyCount "59"]
[EventDate "2010.11.05"]
[EventType "swiss"]
[EventRounds "9"]
[EventCountry "RUS"]
[SourceTitle "EXT 2022"]
[Source "ChessBase"]
[SourceDate "2021.10.06"]
[SourceVersion "1"]
[SourceVersionDate "2021.10.06"]
[SourceQuality "1"]

1. Nf3 c5 2. e4 d6 3. d4 cxd4 4. Nxd4 Nf6 5. Nc3 a6 6. Be3 e5 7. Nb3 Nc6 8. Be2 Be7 9. 0-0 0-0 10. Qd2 Be6 11. Rfd1 Qc7 12. f3 Na7 13. Rac1 Rfc8 14. a4 Bc4 15. Bd3 Bxd3 16. Qxd3 Nc6 17. Rd2 Nb4 18. Qf1 h6 19. Rcd1 Rab8 20. Qf2 Qc4 21. Qg3 Nh5 22. Qf2 Qe6 23. Ba7 Ra8 24. Bb6 Nf4 25. Na5 Qg6 26. Qg3 Qxg3 27. hxg3 Ne6 28. Kf2 Rab8 29. Ba7 Ra8 30. Bb6 1/2-1/2

[Event "Novosibirsk AS-90 Seniors op"]
[Site "Novosibirsk"]
[Date "2010.11.09"]
[Round "3.5"]
[White "Morozov, Vladimir B"]
[Black "Kuzin, Vladimir"]
[Result "1-0"]
[WhiteElo "1988"]
[BlackElo "1997"]
[PlyCount "59"]
[EventDate "2010.11.05"]
[EventType "swiss"]
[EventRounds "9"]
[EventCountry "RUS"]
[SourceTitle "EXT 2022"]
[Source "ChessBase"]
[SourceDate "2021.10.06"]
[SourceVersion "1"]
[SourceVersionDate "2021.10.06"]
[SourceQuality "1"]

1. Nf3 d6 2. d4 Bg4 3. Nbd2 Nd7 4. e4 e5 5. Be2 Ngf6 6. c3 Be7 7. 0-0 0-0 8. Ne1 Bxe2 9. Qxe2 Ne8 10. Nd3 g6 11. f4 exf4 12. Nxf4 Bg5 13. Nf3 Bf6 14. e5 dxe5 15. dxe5 Bg7 16. e6 fxe6 17. Nxe6 Qe7 18. Bg5 Nef6 19. Qc4 Rf7 20. Rae1 Nb6 21. Qb3 Re8 22. Ned4 Qd6 23. Rxe8+ Nxe8 24. Ne5 Qxe5 25. Qxf7+ Kh8 26. Bf4 Qe4 27. Ne6 Qc6 28. Nxg7 Qc5+ 29. Kh1 Nxg7 30. Be5 1-0